Nietzsche y el círculo vicioso
Salvato in:
| Autore principale: | |
|---|---|
| Natura: | Libro |
| Lingua: | spagnolo |
| Pubblicazione: |
Buenos Aires
Terramar Ediciones
2009
|
| Serie: | Caronte Filosofía
|
| Soggetti: | |
| Tags: |
Aggiungi Tag
Nessun Tag, puoi essere il primo ad aggiungerne!!
|
MARC
| LEADER | 00000cam a2200000 a 4500 | ||
|---|---|---|---|
| 001 | UCF3310 | ||
| 003 | CL-VaPUC | ||
| 008 | 121004e20090000AG |||||||||||||||||spa|d | ||
| 020 | |a 987208748X | ||
| 082 | 0 | 4 | |a 193 |b KLO |2 21 |
| 100 | |a Klossowski, Pierre |e author |9 601805 | ||
| 245 | 1 | 0 | |a Nietzsche y el círculo vicioso |
| 300 | |a 251 p | ||
| 942 | |c BK | ||
| 945 | |d 20121004 00:00:00 |a dcastane | ||
| 260 | |a Buenos Aires |b Terramar Ediciones |c 2009 | ||
| 650 | 0 | |a Filosofía alemana |9 265002 | |
| 650 | 7 | |a FILOSOFOS ALEMANES |2 CL-VaPUC |9 565236 | |
| 583 | |a last modification |c 20121004 18:42:00 |k Rodrigo Vera | ||
| 490 | 0 | |a Caronte Filosofía | |
| 999 | |c 349745 |d 349743 | ||
| 952 | |0 0 |1 0 |2 ddc |4 0 |6 193_000000000000000_KLO_2009 |7 0 |8 A |9 452514 |a BIBART |b BIBART |d 2019-11-22 |i 4912667 |l 1 |o 193 KLO 2009 |p 4912667 |r 2025-03-13 |s 2024-10-16 |w 2019-11-22 |y BK |k ART | ||